书目信息 |
| 题名: |
颐和园
|
|
| 作者: | 赵微 主编 ;纪录片颐和园节目组 编著 | |
| 分册: | ||
| 出版信息: | 北京 中国工人出版社 2019 |
|
| 页数: | 252页 | |
| 开本: | 21cm | |
| 丛书名: | ||
| 单 册: | ||
| 中图分类: | K928.73 | |
| 科图分类: | ||
| 主题词: | 颐和园--介绍 | |
| 电子资源: | ||
| ISBN: | 978-7-5008-7100-2 | |
| 000 | 00953nam0 2200253 45 | |
| 001 | 012001009413 | |
| 005 | 20140101163248.0 | |
| 010 | @a978-7-5008-7100-2@b精装@dCNY88.00 | |
| 100 | @a20190627d2019 em y0chiy50 ea | |
| 101 | 0 | @achi |
| 102 | @aCN@b110000 | |
| 105 | @aa z 000yy | |
| 106 | @ar | |
| 200 | 1 | @a颐和园@9yi he yuan@b专著@f赵微主编 |
| 210 | @a北京@c中国工人出版社@d2019 | |
| 215 | @a252页@c图,照片@d21cm | |
| 314 | @a编著者取自封面 | |
| 330 | @a本书是《颐和园》同名纪录片图文书,由解说词演化而来。颐和园是国内现存最大,保存最完整的皇家园林。以万寿山、昆明湖为基址,西湖杭州为蓝本,仿南方山水园林建筑而建起的一座大型人工山水园林。这本书即从颐和园建立和经历的历史谈论一座园林建筑的今生前世。 | |
| 606 | 0 | @a颐和园@x介绍 |
| 690 | @aK928.73@v5 | |
| 701 | 0 | @a赵微@9zhao wei@4主编 |
| 712 | 02 | @a纪录片颐和园节目组@9ji lu pian yi he yuan jie mu zu@4编著 |
| 801 | 2 | @aCN@b上海新华@c20191020 |
| 905 | @b1188089-92@dK928.73@e1158@f4 | |
| 颐和园/赵微主编.-北京:中国工人出版社,2019 |
| 252页:图,照片;21cm |
| ISBN 978-7-5008-7100-2(精装):CNY88.00 |
| 本书是《颐和园》同名纪录片图文书,由解说词演化而来。颐和园是国内现存最大,保存最完整的皇家园林。以万寿山、昆明湖为基址,西湖杭州为蓝本,仿南方山水园林建筑而建起的一座大型人工山水园林。这本书即从颐和园建立和经历的历史谈论一座园林建筑的今生前世。 |
| ● |
| 相关链接 |
|
|
|
|
正题名:颐和园
索取号:K928.73/1158
 
预约/预借
| 序号 | 登录号 | 条形码 | 馆藏地/架位号 | 状态 | 备注 |
| 1 | 1188089 | 211880892 | 第二样本阅览室/ [索取号:K928.73/1158] | 在馆 | |
| 2 | 1188090 | 211880909 | 第二借阅区/ [索取号:K928.73/1158] | 在馆 | |
| 3 | 1188091 | 211880918 | 第二借阅区/ [索取号:K928.73/1158] | 在馆 | |
| 4 | 1188092 | 211880927 | 第二借阅区/ [索取号:K928.73/1158] | 在馆 |